书目信息 |
| 题名: |
美国文化模式:跨文化视野中的分析
|
|
| 作者: | 爱德华 C.斯图尔特 , 密尔顿J.贝内特 | |
| 分册: | ||
| 出版信息: | 天津 百花文艺出版社 2000.04 |
|
| 页数: | 258页 | |
| 开本: | 20cm | |
| 丛书名: | ||
| 单 册: | ||
| 中图分类: | G171.2 | |
| 科图分类: | ||
| 主题词: | 文化事业--概况--世界 , 文化事业--基本建设 | |
| 电子资源: | ||
| ISBN: | 7-5306-3020-2 | |
| 000 | 00766nam0 2200217 45 | |
| 001 | 0362747932 | |
| 005 | 2003060217254776 | |
| 010 | @a7-5306-3020-2@dRMB 13.80 | |
| 100 | @a20030602d2000 km y0chiy0120 ea | |
| 101 | 0 | @achi |
| 102 | @aCN@b120000 | |
| 200 | 1 | @a美国文化模式:跨文化视野中的分析@Amei guo wen hua mo shi:kua wen hua shi ye zhong de fen xi@f(美)爱德华 C.斯图尔特,密尔顿J.贝内特@F(mei)ai de hua C.si tu er te,mi er dun J.bei nei te |
| 210 | @a天津@c百花文艺出版社@d2000.04 | |
| 215 | @a258页@d20cm | |
| 606 | 0 | @a文化事业@x概况@x世界 |
| 606 | 0 | @a文化事业@x基本建设 |
| 690 | @aG171.2@v3 | |
| 701 | 0 | @a爱德华 C.斯图尔特@Aai de hua C.si tu er te |
| 701 | 0 | @a密尔顿J.贝内特@Ami er dun J.bei nei te |
| 801 | 0 | @aCN@bPFT@c20030602 |
| 905 | @dG171.2@eA445 | |
| 美国文化模式:跨文化视野中的分析/(美)爱德华 C.斯图尔特,密尔顿J.贝内特.-天津:百花文艺出版社,2000.04 |
| 258页;20cm |
| ISBN 7-5306-3020-2:RMB 13.80 |
| ● |
| 相关链接 |
|
|
|
正题名:美国文化模式:跨文化视野中的分析
索取号:G171.2/A445
 
预约/预借
| 序号 | 登录号 | 条形码 | 馆藏地/架位号 | 状态 | 备注 |
| 1 | 368823 | 203688232 | 社科二线422/422社科库 40排4列2层/ [索取号:G171.2/A445] | 在馆 | |
| 2 | 368824 | 203688241 | 社科二线422/422社科库 40排4列2层/ [索取号:G171.2/A445] | 在馆 | |
| 3 | 368825 | 203688250 | 社科库409/409社科库 56排5列4层/ [索取号:G171.2/A445] | 在馆 | |
| 4 | 368826 | 203688269 | 社科二线422/422社科库 40排4列2层/ [索取号:G171.2/A445] | 在馆 |